• 首页
  • 本馆介绍
  • 公告通知
  • 最新文献
  • 馆藏检索
  • 电子资源
  • 读者导购
  • 参考咨询
  • 我的图书馆
  • 登录
  • 详细信息显示
  • 放入我的书架
  • 预约/预借图书
  • 作者相关作品
  • 分类相关作品
  • 丛书相关作品
  • 出版社相关作品

书目信息

  • 表格格式
  • 工作单格式
  • 卡片格式
题名:
四库全书精华
    
 
作者: 纪昀 主编 ;鸿雁 注解
分册:  
出版信息: 北京   中国华侨出版社  2016
页数: 531页
开本: 25cm
丛书名:
单 册:
中图分类: Z121.5
科图分类:
主题词:
电子资源:
ISBN: 978-7-5113-6486-9
000 00918nam0 2200241 450
001 2371005825
005 20231209210351.75
010    @a978-7-5113-6486-9@b精装@dCNY99.00
100    @a20181129d2016 em y0chiy50 ea
101 0  @achi
102    @aCN@b110000
105    @aa z 000yy
200 1  @a四库全书精华@Asi ku quan shu jing hua@f(清)纪昀主编@g鸿雁注释
210    @a北京@c中国华侨出版社@d2016
215    @a531页@c图@d25cm
300    @a全彩图解典藏版
330    @a本书在保留四库的风格、韵味的基础上,在四库书海中细心拾掇,精选篇目,按照经、史、子、集的四部编排法,进行了有重点、有选择地收入,力求突出四库的博大精深,又基本上选取了各家代表作,书中还对原文的难解字词进行了注释。
605    @a《四库全书》@x译文
690    @aZ121.5@v5
701  0 @c(清)@a纪昀@Aji yun@f(1724~1805)@4主编
702  0 @a鸿雁@Ahong yan@4注解
801  0 @aCN@b大连网信软件有限公司图书馆·11@c20231016
905    @aZUCC@dZ121.5@e12
    
    四库全书精华/(清)纪昀主编/鸿雁注释.-北京:中国华侨出版社,2016
    531页:图;25cm
    全彩图解典藏版
    
    ISBN 978-7-5113-6486-9(精装):CNY99.00
    本书在保留四库的风格、韵味的基础上,在四库书海中细心拾掇,精选篇目,按照经、史、子、集的四部编排法,进行了有重点、有选择地收入,力求突出四库的博大精深,又基本上选取了各家代表作,书中还对原文的难解字词进行了注释。
●
相关链接 在五车中查询图书 在当当中查询图书 在豆瓣中查询图书


正题名:四库全书精华     索取号:Z121.5/12         预约/预借

序号 登录号 条形码 馆藏地/架位号 状态 备注
1 2001057315   2001057315   315书库/四027架B面2层4列/ [索取号:Z121.5/12] 在馆    
2 2001057316   2001057316   315书库/四027架B面1层4列/ [索取号:Z121.5/12] 在馆    
3 2001057317   2001057317   315书库/四027架B面1层4列/ [索取号:Z121.5/12] 在馆    
4 2001057318   2001057318   315书库/四027架B面1层4列/ [索取号:Z121.5/12] 在馆    
5 2001057319   2001057319   315书库/四027架B面1层4列/ [索取号:Z121.5/12] 在馆    
6 2001057320   2001057320   315书库/四027架B面1层4列/ [索取号:Z121.5/12] 在馆    
山东省滨州职业学院图书馆 欢迎您!
大连网信软件有限公司© 版权所有